000 00388nam a2200169Ia 4500
001 11638
003 GE_BSU
008 181216s||||||||xx |||||||||||||| ||und||
040 _cGE_BSU
245 4 _aThe Economist, August 30th-September 5th. 2014
245 _b№ 8902. Volume 412.
260 _aParis
260 _c2014
300 _a70pg;27sm.
653 _aThe Economist
942 _cCR
999 _c44825
_d44825